Cl. Poli. De trium seculorum Romanis pontificibus, hoc est ab anno 1294. in annum 1592. ad Innocentium Nonum pont. Rom: (Запись № 10273721)

Подробности
000 -МАРКЕР
контрольное поле 01545nam0a2200349 4500
001 - ИДЕНТИФИКАТОР ЗАПИСИ
контрольное поле RU\NLR\A2V16\26581
005 - ИДЕНТИФИКАТОР ВЕРСИИ
контрольное поле 20260406110204.0
035 ## - ДРУГИЕ СИСТЕМНЫЕ НОМЕРА
Идентификатор записи (NLR Aleph) 009829640
100 ## - ДАННЫЕ ОБЩЕЙ ОБРАБОТКИ
Данные общей обработки 20010918d1592 u y0rusy50 ca
101 0# - ЯЗЫК РЕСУРСА
Язык текста, звукозаписи и т.д. латинский
102 ## - СТРАНА ПУБЛИКАЦИИ ИЛИ ПРОИЗВОДСТВА
Страна публикации российская федерация
200 1# - ЗАГЛАВИЕ И СВЕДЕНИЯ ОБ ОТВЕТСТВЕННОСТИ
Основное заглавие Cl. Poli. De trium seculorum Romanis pontificibus, hoc est ab anno 1294. in annum 1592. ad Innocentium Nonum pont. Rom:
210 ## - ПУБЛИКАЦИЯ, РАСПРОСТРАНЕНИЕ И ДР.
Место издания, распространения и т.д. Regiomonti [Kaliningrad]
Имя издателя, распространителя и т. д. typis Georgii Osterbergeri
Дата издания, распространения и т.д. 1592
215 ## - ФИЗИЧЕСКАЯ ХАРАКТЕРИСТИКА
Специфическое обозначение материала и объем [52] л.
Размеры 4° (21 см)
307 ## - ПРИМЕЧАНИЯ, ОТНОСЯЩИЕСЯ К ФИЗИЧЕСКОМУ ОПИСАНИЮ
Текст примечания На тит. л. виньетка. Тит. л. в набор. рамке. Грав. инициалы
316 ## - ПРИМЕЧАНИЯ ОБ ОСОБЕННОСТЯХ ЭКЗЕМПЛЯРА
Текст примечания Синий обрез. На л. [32] (verso) рукоп. помета (запись). Пометы, характер. для б-ки Залуских. Припл. 1 кн.
Организация и экземпляр, к которому относится поле 16.91.6.22 Аллиг.1
321 1# - ПРИМЕЧАНИЯ ОБ ОТДЕЛЬНО ИЗДАННЫХ УКАЗАТЕЛЯХ / РЕФЕРАТАХ / ССЫЛКАХ, ОТРАЖАЮЩИХ КАТАЛОГИЗИРУЕМЫЙ ДОКУМЕНТ
Примечания об указателях, рефератах, ссылках VD 16: P 4075
481 #0 - ТАКЖЕ В ЭТОМ ПЕРЕПЛЕТЕ
Встроенное поле 001RU\NLR\A2V16\34592
517 1# - ДРУГИЕ ВАРИАНТЫ ЗАГЛАВИЯ
Вариант заглавия De trium seculorum Romanis pontificibus
620 ## - МЕСТО И ДАТА ПУБЛИКАЦИИ, ИСПОЛНЕНИЯ И Т. Д.
Город Kaliningrad
700 #1 - ИМЯ ЛИЦА - ПЕРВИЧНАЯ ОТВЕТСТВЕННОСТЬ
Начальный элемент ввода Polus
Часть имени, кроме начального элемента ввода C.
Расширение инициалов личного имени Clemens
Код отношения Автор
702 #1 - ИМЯ ЛИЦА - ВТОРИЧНАЯ ОТВЕТСТВЕННОСТЬ
Связь между полями z01790
Начальный элемент ввода Osterberger
Часть имени, кроме начального элемента ввода G.
Даты ок. 1542-1602
Расширение инициалов личного имени Georg
Код отношения Печатник (типограф)
702 #1 - ИМЯ ЛИЦА - ВТОРИЧНАЯ ОТВЕТСТВЕННОСТЬ
Код отношения Бывший владелец
Материалы, к которым относится поле pol
Графика поля Латинская
Начальный элемент ввода Załuski
Часть имени, кроме начального элемента ввода J. A.
Даты 1702-1774
Расширение инициалов личного имени Józef Andrzej
Идентификатор авторитетной/нормативной записи RU\NLR\AUTH\77107720
Системный номер авторитетной/нормативной записи 90645
790 #1 - ИМЯ ЛИЦА - АЛЬТЕРНАТИВНАЯ ФОРМА
Связь между полями z01702
Начальный элемент ввода Osterbergerus
Расширение инициалов личного имени Georgius
Код отношения Печатник (типограф)
801 #0 - ИСТОЧНИК ЗАПИСИ
Страна российская федерация
Организация NLR
Дата составления 20010918
852 ## - МЕСТОНАХОЖДЕНИЕ И ШИФР ХРАНЕНИЯ
Идентификатор организации NLR
Шифр хранения (Call Number) 16.91.6.22 Аллиг.1
942 ## - ДОПОЛНИТЕЛЬНЫЕ ЭЛЕМЕНТЫ ЗАПИСИ (АБИС)
Тип экземпляра АБИС Книга
980 ## - КОЛЛЕКЦИЯ
Название коллекции Национальная библиография
980 ## - КОЛЛЕКЦИЯ
Название коллекции Книги XVI века на европейских языках

Нет доступных экземпляров.